Xã hội học tội phạm
Trình bày đối tượng, phương pháp nghiên cứu và chức năng của xã hội học tội phạm; khái quát sự ra đời, phát triển và mối quan hệ giữa xã hội học tội phạm với các khoa học khác; phân tích các lí thuyết giải thích nguồn gốc sai lệch va...
Zapisane w:
| 1. autor: | |
|---|---|
| Format: | Książka |
| Język: | Undetermined |
| Wydane: |
Hà Nội
Chính trị Quốc gia
2012
|
| Hasła przedmiotowe: | |
| Etykiety: |
Dodaj etykietę
Nie ma etykietki, Dołącz pierwszą etykiete!
|
| Thư viện lưu trữ: | Trung tâm Học liệu Trường Đại học Cần Thơ |
|---|
| LEADER | 01465nam a2200241Ia 4500 | ||
|---|---|---|---|
| 001 | CTU_177109 | ||
| 008 | 210402s9999 xx 000 0 und d | ||
| 020 | |c 29000 | ||
| 082 | |a 364 | ||
| 082 | |b Ch120 | ||
| 100 | |a Trần, Đức Châm | ||
| 245 | 0 | |a Xã hội học tội phạm | |
| 245 | 0 | |c Trần Đức Châm | |
| 260 | |a Hà Nội | ||
| 260 | |b Chính trị Quốc gia | ||
| 260 | |c 2012 | ||
| 520 | |a Trình bày đối tượng, phương pháp nghiên cứu và chức năng của xã hội học tội phạm; khái quát sự ra đời, phát triển và mối quan hệ giữa xã hội học tội phạm với các khoa học khác; phân tích các lí thuyết giải thích nguồn gốc sai lệch và tội phạm; chuẩn mực xã hội và sự sai lệch chuẩn mục xã hội; những đặc điểm xã hội học của một số loại tội phạm nghiêm trọng hiện nay; nguyên nhân, tác hại của tình hình tội phạm và công tác phòng, chống tội phạm ở nước ta hiện nay | ||
| 526 | |a Xã hội học về dư luận xã hội,Xã hội học tội phạm | ||
| 526 | |b XN371,XN364 | ||
| 650 | |a Criminology,Tội phạm học | ||
| 650 | |z Vietnam | ||
| 910 | |a Nguyên | ||
| 980 | |a Trung tâm Học liệu Trường Đại học Cần Thơ | ||